000 01502namaa22003251i 4500
003 EG-GICUC
005 20260602123501.0
008 260602s2010 ua ||||jr|||| 000 0 ara d
017 _a2010 / 5913
_bدار الكتب والوثائق القومية(مصر)
020 _a9789773133705
040 _aEG-GiCUC
_bara
_cEG-GiCUC
_dEG-GiCUC
_erda
082 0 4 _221
_a320.019
_bH6339
092 0 4 _221
_a320.019
_bH6339
099 _a320.019 H6339
100 1 _aحنفى، قدرى.
_eمؤلف.
245 1 0 _aد . قدرى حفنى بين علم النفس و السياسة :
_bمختارات فكرية
250 _aالطبعة الاولى.
264 _aالقاهرة :
_bمركز المحروسة للنشر،
_c2010.
300 _a4مجلدات
_b؛
_c22 سم
336 _2rdacontent
_atext
337 _2rdamedia
_aUnmediated
338 _2rdacarrier
_avolume
504 _aيشتمل على الارجاعات الببلوجرافية
505 _aالمجلد 1. دراسات نفسية فى الاتصال و التعليم و الثقافة = المجلد2. العنف بين سلطة الدولة والمجتمع = المجلد 3 . الصراع العربى الاسرائيلى = المجلد 4. تاريخ علم النفس والتفسير النفسى للتاريخ
541 _aد . جابر عصفور ؛
_bالقاهرة ؛
_cإهداء ؛
_d2024.
650 1 7 _aعلم النفس السياسى
_2qrmak
651 1 _2qrmak
905 _aNoha
942 _2ddc
_cBK
_e21
_n0
999 _c180338
_d180338